书目信息 |
| 题名: |
经济改革文丛
|
|
| 作者: | 有林 , 赵少平 , 王梦奎 编 | |
| 分册: | 第三辑 | |
| 出版信息: | 沈阳 辽宁人民出版社 1982.2 |
|
| 页数: | 388页 | |
| 开本: | 32开 | |
| 丛书名: | ||
| 单 册: | ||
| 中图分类: | F124.3 | |
| 科图分类: | ||
| 主题词: | 经济--中国 | |
| 电子资源: | ||
| ISBN: | ||
| 000 | 00649nam0 2200229 45 | |
| 001 | 0210091576 | |
| 005 | 20031219104058.0 | |
| 010 | @dCNY1.00 | |
| 091 | @a4090.43 | |
| 100 | @a20021009d1982 km y0chiy0120 ea | |
| 101 | 0 | @achi |
| 105 | @aa z 000yy | |
| 200 | 1 | @a经济改革文丛@h第三辑@AJing Ji Gai Ge Wen Cong@f有林,赵少平,王梦奎编@FYou Lin,Zhao Shao Ping,Wang Meng Kui Bian |
| 210 | @a沈阳@c辽宁人民出版社@d1982.2 | |
| 215 | @a388页@c图表@d32开 | |
| 606 | 0 | @a经济@x中国 |
| 690 | @aF124.3@v3 | |
| 701 | 0 | @a有林@4编 |
| 701 | 0 | @a赵少平@4编 |
| 701 | 0 | @a王梦奎@4编 |
| 801 | @aCN@bTSTC@c20021009 | |
| 905 | @dF124.3@e2:3@b126489-490@f2 | |
| 经济改革文丛.第三辑/有林,赵少平,王梦奎编.-沈阳:辽宁人民出版社,1982.2 |
| 388页:图表;32开 |
| ISBN :CNY1.00 |
| ● |
| 相关链接 |
|
|
|
|
正题名:经济改革文丛
索取号:F124.3/2:3
 
预约/预借
| 序号 | 登录号 | 条形码 | 馆藏地/架位号 | 状态 | 备注 |
| 1 | 0126489 | 000200776 | 密集书库/ [索取号:F124.3/2:3] | 在馆 | |
| 2 | 0126490 | 000200730 | 密集书库/ [索取号:F124.3/2:3] | 在馆 |